Sinonim

Bibliographic Details
Main Author: Suzie binti Mat Harun
Other Authors: Fuad bin Ismail, Maslina binti Ramli
Format: Book
Published: Kuala Lumpur : Fargoes , 2002
Series:Siri kamus cerdik KBSR
Subjects:

MARC

LEADER 00000cam a2200000 7i4500
001 0000072099
005 20170416.0
008 170416
020 |a 9831517407 
090 0 0 |a REF   |b MAL 
100 1 |a Suzie binti Mat Harun 
245 1 0 |a Sinonim   |c Suzie binti Mat Harun,Maslina binti Ramli and Fuad bin Ismail 
260 |a Kuala Lumpur :   |b Fargoes ,   |c 2002 
490 1 |a Siri kamus cerdik KBSR 
650 0 |a Dictionary   |x Malay   |x Languages 
650 0 |a Reference 
700 0 |a Fuad bin Ismail 
700 0 |a Maslina binti Ramli 
999 |a 0000830771   |b Book   |c REFERENCE   |e Cawangan Segamat